|
|
|
|
| LEADER |
00662cam a2200241 7i4500 |
| 001 |
0000036802 |
| 005 |
20220513090000.0 |
| 007 |
ta |
| 008 |
220303t2015 eng |
| 020 |
|
|
|a 9781250777904
|
| 040 |
|
|
|a MATR
|
| 090 |
0 |
0 |
|a FI 823.914
|b BAR
|
| 100 |
1 |
|
|e Bardugo, Leigh
|e author
|
| 245 |
1 |
0 |
|a SIX OF CROWS
|c Leigh Bardugo.
|
| 264 |
|
0 |
|a New York:
|b Imprint,
|c 2021.
|
| 300 |
|
|
|a 465 pages;
|c cm.
|
| 336 |
|
|
|a text
|2 rdacontent
|
| 337 |
|
|
|a unmediated
|2 rdamedia
|
| 338 |
|
|
|a volume
|2 rdacarrier
|
| 500 |
|
|
|a Screen adaption
|
| 650 |
|
0 |
|a English fiction
|
| 650 |
|
0 |
|a Fantasy
|
| 999 |
|
|
|a B000041711
|b Book
|c Book
|e Business Information Centre
|